Bharat mein Rajya Karyapalika ke auopcharik evam vastavik pramukhon ki bhumika tatha sambandho ka alochnatamak anusheelan (Record no. 11049)
[ view plain ]
| 000 -LEADER | |
|---|---|
| fixed length control field | 00560nam a2200169Ia 4500 |
| 082 ## - DEWEY DECIMAL CLASSIFICATION NUMBER | |
| Classification number | TS.0460 |
| 100 ## - MAIN ENTRY--AUTHOR NAME | |
| Personal name | Smadhiya, Narendra Kumar |
| 245 #0 - TITLE STATEMENT | |
| Title | Bharat mein Rajya Karyapalika ke auopcharik evam vastavik pramukhon ki bhumika tatha sambandho ka alochnatamak anusheelan |
| 260 ## - PUBLICATION, DISTRIBUTION, ETC. (IMPRINT) | |
| Year of publication | 1976 |
| Name of publisher | Vikram University |
| 300 ## - PHYSICAL DESCRIPTION | |
| Number of Pages | 195p. + C D - 56 |
| 650 ## - SUBJECT ADDED ENTRY--TOPICAL TERM | |
| Topical Term | INDIA - POLITICS AND GOVERNMENT |
| 650 ## - SUBJECT ADDED ENTRY--TOPICAL TERM | |
| Topical Term | GOVERNORS - INDIA |
| 650 ## - SUBJECT ADDED ENTRY--TOPICAL TERM | |
| Topical Term | CABINET SYSTEM - INDIA |
| 650 ## - SUBJECT ADDED ENTRY--TOPICAL TERM | |
| Topical Term | PRESIDENT - INDIA///GOVERNORS - INDIA |
| 710 ## - ADDED ENTRY--CORPORATE NAME | |
| Corporate name or jurisdiction name as entry element | Shukla, Vimla |
| 942 ## - ADDED ENTRY ELEMENTS (KOHA) | |
| Koha item type | Thesis |
| Source of classification or shelving scheme | Dewey Decimal Classification |
| Withdrawn status | Lost status | Damaged status | Not for loan | Home library | Current library | Date acquired | Full call number | Accession Number | Price effective from | Koha item type |
|---|---|---|---|---|---|---|---|---|---|---|
| NASSDOC Library | NASSDOC Library | 08/10/2004 | TS.0460 | 10345 | 18/04/2019 | Thesis |
